| 000 | 00456nam a2200181 4500 | ||
|---|---|---|---|
| 003 | LK-CoMWRAF | ||
| 005 | 20231115140618.0 | ||
| 008 | 230909b |||||||| |||| 00| 0 eng d | ||
| 020 | _a0022441778 | ||
| 040 |
_aLK-CoMWRAF _dLK-CoMWRAF _eLK-CoMWRAF |
||
| 041 | _aeng | ||
| 082 |
_a425 _bWRI |
||
| 245 |
_aWrite Idea : _bIntegrated writing and grammar |
||
| 260 |
_aNew York : _bMcGraw-Hills, |
||
| 300 | _a326p | ||
| 650 | _aEnglish Grammar | ||
| 942 | _cBK | ||
| 999 |
_c3519 _d3519 |
||